Which Has More Google Results- Country version - Statistics

General Stats
  • This quiz has been taken 37 times
  • The average score is 7 of 10
Answer Stats
Question Answer % Correct
#8 Cape Verde
100%
#4 France
100%
#5 Italy
100%
#3 USA
100%
#7 East Timor
50%
#2 India
50%
#6 Mexico
50%
#10 North Korea
50%
#1 Swaziland
50%
#9 Nauru
0%
No matching quizzes found
Score Distribution
Percent of People with Each Score
Percentile by Number Answered
Your Score History
You have not taken this quiz